[Event "Kaspersky op U16"]
[Site "Tornelo INT"]
[Date "2021.04.02"]
[Round "8"]
[White "James, Thomas"]
[Black "Dumankyzy, Alfarabi"]
[Result "1-0"]
[WhiteElo "1401"]
[BlackElo "1351"]
[PlyCount "73"]
[EventDate "2021.04.02"]
[EventType "swiss (blitz)"]
[EventRounds "11"]
[EventCountry "RUS"]
[SourceTitle "CBM 201 Extra"]
[Source "ChessBase"]
[SourceDate "2021.05.31"]
[SourceVersion "1"]
[SourceVersionDate "2021.05.31"]
[SourceQuality "1"]

1. d4 Nf6 2. Nf3 g6 3. e3 d5 4. Bd3 Bg7 5. 0-0 0-0 6. Nbd2 c5 7. c3 cxd4 8. cxd4 Nc6 9. Qe2 Bg4 10. h3 Bxf3 11. Qxf3 e5 12. e4 Nxd4 13. Qe3 dxe4 14. Nxe4 Nd5 15. Qd2 f5 16. Nc5 b6 17. Nb3 Nxb3 18. axb3 Kh8 19. Bc4 Nc7 20. Qe2 e4 21. Bf4 Nd5 22. Rad1 Nxf4 23. Qe3 Qc7 24. Rc1 Qe5 25. Rc2 Nd5 26. Bxd5 Qxd5 27. Rfc1 Qd3 28. Qe1 Qxb3 29. Qd2 Rfd8 30. Qg5 Bxb2 31. Rc7 Bg7 32. Rxg7 Rd1+ 33. Kh2 Rxc1 34. Qh6 Rh1+ 35. Kxh1 Qd1+ 36. Kh2 Qd6+ 37. g3 1-0

[Event "Kaspersky op U16"]
[Site "Tornelo INT"]
[Date "2021.04.02"]
[Round "6"]
[White "James, Thomas"]
[Black "Kikkas, Daniel"]
[Result "1-0"]
[WhiteElo "1401"]
[BlackElo "1088"]
[PlyCount "47"]
[EventDate "2021.04.02"]
[EventType "swiss (blitz)"]
[EventRounds "11"]
[EventCountry "RUS"]
[SourceTitle "CBM 201 Extra"]
[Source "ChessBase"]
[SourceDate "2021.05.31"]
[SourceVersion "1"]
[SourceVersionDate "2021.05.31"]
[SourceQuality "1"]

1. d4 d5 2. Nf3 e6 3. e3 c5 4. c3 Nf6 5. Bd3 Nc6 6. 0-0 Be7 7. Nbd2 0-0 8. Qe2 b6 9. e4 c4 10. Bc2 Bb7 11. e5 Nd7 12. b3 b5 13. a4 a6 14. bxc4 bxc4 15. Re1 f6 16. Nf1 Qc7 17. exf6 Rxf6 18. Bg5 Rg6 19. Bxg6 hxg6 20. Qxe6+ Kf8 21. Bxe7+ Nxe7 22. Qxe7+ Kg8 23. Ng5 Nf6 24. Qxc7 1-0